| 000 | 02846nam a22003735i 4500 | ||
|---|---|---|---|
| 001 | 23356443 | ||
| 005 | 20250429152128.0 | ||
| 008 | 231019s2023 nyu 000 0 eng | ||
| 010 | _a 2023948776 | ||
| 020 | _a9780198900788 | ||
| 037 | _cTB | ||
| 040 |
_aCRL _beng _erda _cCRL |
||
| 041 |
_2eng _aeng |
||
| 042 | _apcc | ||
| 084 |
_aY15.2 R4 _qCRL |
||
| 245 | 0 | 0 |
_aGender in modern India: _bhistory, culture, marginality |
| 260 |
_aNew York, USA: _bOxford University Press, _c2023. |
||
| 263 | _a2311 | ||
| 264 | 1 | _c2023. | |
| 300 | _axvi, 347p. cm | ||
| 336 |
_atext _btxt _2rdacontent |
||
| 337 |
_aunmediated _bn _2rdamedia |
||
| 338 |
_avolume _bnc _2rdacarrier |
||
| 365 |
_b1495.00 _cINR |
||
| 520 |
_a"Gender is as much a political subject as an intellectual one. It has been the terrain over which "communities assert their superiority and the inferiority of others"; "nations claim their own purity and the contamination of others"; and "the West marks its development over the backwardness of others." Broadly speaking, there are three overlapping phases which gender studies has traversed in the past. The first one was 1970s. Women's movement and scholarship on gender, both began their modern journeys in the 1970s. 1970s was the decade of three significant developments which had a bearing on the future of gender. First, the disenchantment against post-independent model of planned development was manifesting in mass agitations and public protests in which women participated in an active way and in good numbers. Second, the publication of the report Towards Equality (1974)-emanating from a survey done by the 'Committee on the Status of Women in India' (CSWI) set up by the central government in 1971 to review rights and status, especially with respect to education and employment-showed the deplorable condition of women in the country, and how it was fast deteriorating. This galvanized many feminists and activists into action and was hailed as the foundational text of the movement. It also brought about a shift-from women as subjects to be educated to women as new subjects of investigation and study. Third, the Indian Council of Social Science Research (ICSSR), country's apex research body, started a program on women's studies (1975) to generate and analyze data and study women's question in relation to social sciences"-- _cProvided by publisher. |
||
| 650 | _aFeminism | ||
| 650 | _2Sociology | ||
| 700 | 1 |
_aSingh, Lata, _eeditor. _9753442 |
|
| 700 | 1 |
_aShekhar Sinha, Shashank, _eeditor. _9753443 |
|
| 906 |
_a0 _bibc _corignew _d2 _eepcn _f20 _gy-gencatlg |
||
| 942 |
_2CC _cTB _hY15.2 R4 _n0 |
||
| 999 |
_c1309758 _d1309758 |
||